000 00295nam a2200133 i 4500
001 bg
245 0 _aChambers`s encyclopedia.Vol.14: Tuamotu-Zygote.
260 _aLondon,
_c1950.
040 _cBPK
041 _apol
080 _a0/9
942 _cKS
008 s pl f |000 0 pol
999 _c7911
_d7911
856 _uhttp://koha.tu.koszalin.pl/cgi-bin/koha/opac-detail.pl?biblionumber=7911
_yKatalog online BPK